[Event "Pavlodar op"]
[Site "Pavlodar"]
[Date "2008.12.??"]
[Round "11"]
[White "Amanov, Zhanibek"]
[Black "Zakharov, Valentin M"]
[Result "1-0"]
[WhiteElo "2421"]
[BlackElo "2424"]
[PlyCount "84"]
[EventDate "2008.12.??"]
[EventType "swiss"]
[EventRounds "11"]
[EventCountry "KAZ"]
[SourceTitle "EXT 2010"]
[Source "ChessBase"]
[SourceDate "2010.11.25"]
[SourceVersion "1"]
[SourceVersionDate "2010.11.25"]
[SourceQuality "1"]

1. e4 c5 2. Nf3 Nc6 3. d4 cxd4 4. Nxd4 g6 5. Nc3 Bg7 6. Be3 Nf6 7. Bc4 0-0 8. Bb3 Qa5 9. f3 d6 10. Qd2 Nxd4 11. Bxd4 Be6 12. 0-0-0 b5 13. Kb1 b4 14. Nd5 Bxd5 15. exd5 Qb5 16. Rhe1 a5 17. Qe2 Qxe2 18. Rxe2 a4 19. Bc4 Rfc8 20. b3 Rc7 21. Rde1 Kf8 22. g4 Ne8 23. Bf2 Bc3 24. Rd1 Nf6 25. Bb5 axb3 26. cxb3 Rb8 27. Bc4 Nd7 28. f4 Nb6 29. Ba6 Nd7 30. g5 Nc5 31. Bc4 Bg7 32. Rc1 Bc3 33. h4 Ra8 34. Bxc5 Rxc5 35. a4 Re8 36. Rd1 Rec8 37. Rd3 Ra8 38. Re4 Bg7 39. Bb5 Bc3 40. Rc4 Rxc4 41. bxc4 Be1 42. Rh3 Bd2 1-0

[Event "Pavlodar op"]
[Site "Pavlodar"]
[Date "2008.12.??"]
[Round "5"]
[White "Karmenov, Zhanibek"]
[Black "Zakharov, Valentin M"]
[Result "1-0"]
[WhiteElo "2198"]
[BlackElo "2424"]
[PlyCount "71"]
[EventDate "2008.12.??"]
[EventType "swiss"]
[EventRounds "11"]
[EventCountry "KAZ"]
[SourceTitle "EXT 2010"]
[Source "ChessBase"]
[SourceDate "2010.11.25"]
[SourceVersion "1"]
[SourceVersionDate "2010.11.25"]
[SourceQuality "1"]

1. d4 Nf6 2. Nf3 d6 3. c4 Nbd7 4. Nc3 e5 5. e4 Be7 6. Be2 0-0 7. 0-0 c6 8. Be3 Ng4 9. Bd2 Re8 10. d5 Rf8 11. Ne1 Ngf6 12. Nd3 h6 13. Kh1 a6 14. f4 cxd5 15. cxd5 exf4 16. Bxf4 Ne8 17. Qe1 Bh4 18. Qd2 Qe7 19. Bf3 Ne5 20. Nxe5 dxe5 21. Be3 Bd7 22. g3 Bg5 23. d6 Qd8 24. Rad1 Rc8 25. Bxg5 Qxg5 26. Nd5 Kh7 27. Ne7 Rd8 28. Qb4 Bb5 29. Rf2 Qe3 30. Kg2 Qb6 31. a3 Rxd6 32. Nc8 Bf1+ 33. Rfxf1 Qxb4 34. axb4 Rc6 35. Ne7 Rc4 36. Nd5 1-0

[Event "Pavlodar op"]
[Site "Pavlodar"]
[Date "2008.12.??"]
[Round "7"]
[White "Trofimov, Yaroslav"]
[Black "Zakharov, Valentin M"]
[Result "0-1"]
[WhiteElo "1990"]
[BlackElo "2424"]
[PlyCount "80"]
[EventDate "2008.12.??"]
[EventType "swiss"]
[EventRounds "11"]
[EventCountry "KAZ"]
[SourceTitle "EXT 2010"]
[Source "ChessBase"]
[SourceDate "2010.11.25"]
[SourceVersion "1"]
[SourceVersionDate "2010.11.25"]
[SourceQuality "1"]

1. e4 e5 2. Nc3 Nf6 3. Bc4 Bc5 4. d3 d6 5. f4 Ng4 6. fxe5 Nxe5 7. Bb5+ c6 8. d4 cxb5 9. dxc5 b4 10. Nb5 dxc5 11. Qxd8+ Kxd8 12. Bf4 Nbc6 13. 0-0-0+ Ke7 14. Nf3 f6 15. Nxe5 fxe5 16. Bg5+ Kf7 17. Nc7 Rb8 18. Rhf1+ Kg6 19. Be3 Nd4 20. c3 Bg4 21. Rd2 bxc3 22. bxc3 Rbc8 23. Nd5 Rhe8 24. Kb2 Nc6 25. Bxc5 Na5 26. Ne7+ Rxe7 27. Bxe7 Nc4+ 28. Kc2 Nxd2 29. Kxd2 Rc4 30. Kd3 Rc7 31. Bb4 b6 32. Rc1 Be6 33. Rc2 Rd7+ 34. Ke3 Rd1 35. h3 Bc4 36. Rb2 Kf7 37. a4 a5 38. Rf2+ Kg6 39. Bf8 Rd3+ 40. Ke2 Rxc3+ 0-1

[Event "Pavlodar op"]
[Site "Pavlodar"]
[Date "2008.12.??"]
[Round "8"]
[White "Zakharov, Valentin M"]
[Black "Pak, Yevgeniy"]
[Result "1-0"]
[WhiteElo "2424"]
[BlackElo "2243"]
[PlyCount "69"]
[EventDate "2008.12.??"]
[EventType "swiss"]
[EventRounds "11"]
[EventCountry "KAZ"]
[SourceTitle "EXT 2010"]
[Source "ChessBase"]
[SourceDate "2010.11.25"]
[SourceVersion "1"]
[SourceVersionDate "2010.11.25"]
[SourceQuality "1"]

1. e4 c5 2. Nf3 Nc6 3. d4 cxd4 4. Nxd4 e5 5. Nb5 d6 6. c4 Be7 7. N1c3 a6 8. Na3 f5 9. exf5 Bxf5 10. Bd3 Bxd3 11. Qxd3 Nf6 12. 0-0 0-0 13. Nd5 Nxd5 14. Qxd5+ Kh8 15. Be3 Qe8 16. Rad1 Qg6 17. Nb1 Rf5 18. Nc3 Rh5 19. Qe4 Qf7 20. f4 Rh4 21. b3 Qh5 22. h3 Rf8 23. Nd5 Bd8 24. g4 Qe8 25. Kg2 exf4 26. Qxe8 Rxe8 27. Bxf4 Ne5 28. c5 g5 29. Bg3 Rh6 30. Ne3 d5 31. Nf5 Rhe6 32. Nd6 Nc6 33. Nxe8 Rxe8 34. Rxd5 Be7 35. Bd6 1-0

[Event "Olomouc op"]
[Site "Olomouc"]
[Date "2006.08.10"]
[Round "9.5"]
[White "Zakharov, Valentin M"]
[Black "Prokuronov, Eduard"]
[Result "1-0"]
[WhiteElo "2064"]
[BlackElo "2274"]
[PlyCount "67"]
[EventDate "2006.08.03"]
[EventType "swiss"]
[EventRounds "9"]
[EventCountry "CZE"]
[SourceTitle "CBM 113 Extra"]
[Source "ChessBase"]
[SourceDate "2006.09.14"]
[SourceVersion "1"]
[SourceVersionDate "2006.09.14"]
[SourceQuality "1"]

1. e4 c5 2. c4 Nc6 3. g3 g6 4. Bg2 Bg7 5. Ne2 a6 6. Nbc3 b5 7. d3 Rb8 8. 0-0 d6 9. f4 Bd7 10. f5 Ne5 11. cxb5 axb5 12. Nd5 Nf6 13. Nxf6+ Bxf6 14. Nf4 Bc6 15. Nd5 Bxd5 16. exd5 0-0 17. Bh6 Re8 18. h4 Qb6 19. Be3 Qa5 20. Kh1 Ra8 21. Qe2 Reb8 22. Be4 Qd8 23. Kg2 Qf8 24. fxg6 hxg6 25. h5 Qg7 26. Rh1 g5 27. h6 Qh8 28. Rh5 Ng6 29. h7+ Kf8 30. Qf3 g4 31. Qxg4 Bxb2 32. Rf1 Ne5 33. Qg8+ Qxg8 34. Bh6+ 1-0

[Event "Olomouc op"]
[Site "Olomouc"]
[Date "2006.08.09"]
[Round "8.4"]
[White "Karhanek, Pavel"]
[Black "Zakharov, Valentin M"]
[Result "1/2-1/2"]
[WhiteElo "2144"]
[BlackElo "2064"]
[PlyCount "61"]
[EventDate "2006.08.03"]
[EventType "swiss"]
[EventRounds "9"]
[EventCountry "CZE"]
[SourceTitle "CBM 113 Extra"]
[Source "ChessBase"]
[SourceDate "2006.09.14"]
[SourceVersion "1"]
[SourceVersionDate "2006.09.14"]
[SourceQuality "1"]

1. d4 Nf6 2. Bg5 Ne4 3. Bf4 d5 4. e3 e6 5. Bd3 Bd6 6. Ne2 0-0 7. 0-0 b6 8. c4 Bb7 9. Qc2 Nd7 10. Nbc3 Nxc3 11. bxc3 dxc4 12. Bxh7+ Kh8 13. Be4 Bxe4 14. Qxe4 a6 15. a4 b5 16. axb5 axb5 17. Qc6 Bxf4 18. Rxa8 Qxa8 19. Qxd7 Bd6 20. Qxb5 Qa2 21. Nc1 Qc2 22. Qxc4 Rb8 23. Nd3 Rb3 24. Ne5 Bxe5 25. dxe5 Rxc3 26. Qh4+ Kg8 27. Qd8+ Kh7 28. Qh4+ Kg8 29. h3 Qd2 30. Kh2 Rc1 31. Rxc1 1/2-1/2

[Event "Olomouc op"]
[Site "Olomouc"]
[Date "2006.08.04"]
[Round "2"]
[White "Cerjak, Andrej"]
[Black "Zakharov, Valentin M"]
[Result "0-1"]
[WhiteElo "2081"]
[BlackElo "2064"]
[PlyCount "116"]
[EventDate "2006.08.03"]
[EventType "swiss"]
[EventRounds "9"]
[EventCountry "CZE"]
[SourceTitle "CBM 113 Extra"]
[Source "ChessBase"]
[SourceDate "2006.09.14"]
[SourceVersion "1"]
[SourceVersionDate "2006.09.14"]
[SourceQuality "1"]

1. e4 c5 2. Nc3 Nc6 3. f4 e6 4. Nf3 d5 5. Bb5 Nf6 6. Ne5 Qb6 7. exd5 exd5 8. Qe2 Be7 9. 0-0 0-0 10. Bxc6 bxc6 11. Na4 Qb5 12. Nc3 Qxe2 13. Nxe2 Bb7 14. d3 Rfe8 15. Ng3 Bd6 16. Nf3 c4 17. Nf5 Bc5+ 18. d4 Bf8 19. Bd2 Ne4 20. Rfe1 c5 21. c3 g6 22. Ng3 Nxd2 23. Nxd2 cxd4 24. cxd4 Bb4 25. Rxe8+ Rxe8 26. Nf3 Bc8 27. Kf2 f6 28. Ne2 Bf5 29. Rc1 Bd3 30. Ng3 Bd6 31. Ne1 Bxf4 32. Nxd3 cxd3 33. Rd1 Bxg3+ 34. Kxg3 Re3+ 35. Kf4 Re2 36. Rxd3 Rxb2 37. Ra3 Rxg2 38. h3 Re2 39. Rxa7 Re4+ 40. Kf3 Rxd4 41. a4 h5 42. a5 Rd3+ 43. Kg2 Ra3 44. a6 h4 45. Kf2 g5 46. Kg2 d4 47. Kf2 f5 48. Rd7 Rxa6 49. Rxd4 Ra2+ 50. Kg1 Kf7 51. Rd6 Re2 52. Ra6 Re6 53. Ra8 Kf6 54. Rg8 Re3 55. Kh2 Rg3 56. Rh8 Ke5 57. Rh7 Kf4 58. Rh8 Re3 0-1

[Event "Moscow-ch"]
[Site "Moscow"]
[Date "1999.??.??"]
[Round "1"]
[White "Bykov, Andrei"]
[Black "Zakharov, Valentin M"]
[Result "1-0"]
[WhiteElo "2391"]
[BlackElo "2340"]
[PlyCount "77"]
[EventDate "1999.??.??"]
[EventType "swiss"]
[EventRounds "9"]
[EventCountry "RUS"]
[SourceTitle "EXT 2001"]
[Source "ChessBase"]
[SourceDate "2000.11.22"]
[SourceVersion "1"]
[SourceVersionDate "2000.11.22"]
[SourceQuality "1"]

1. e4 Nf6 2. e5 Nd5 3. c4 Nb6 4. d4 d6 5. exd6 cxd6 6. Nc3 g6 7. Be3 Bg7 8. Rc1 0-0 9. Be2 e5 10. Nf3 Nc6 11. 0-0 Bg4 12. d5 Ne7 13. c5 Bxf3 14. Bxf3 Nc4 15. Qb3 Nxe3 16. fxe3 Rb8 17. Qa3 a6 18. cxd6 Nc8 19. Ne4 f5 20. Nc5 Qxd6 21. Qb3 e4 22. Be2 Rf7 23. Ne6 Be5 24. h3 Rd7 25. Rfd1 Ne7 26. Nc5 Kg7 27. Nxd7 Qxd7 28. d6 Nc6 29. Rd5 Re8 30. Rcd1 h5 31. Qb6 Kh6 32. b4 Bg3 33. b5 Nb4 34. R5d2 a5 35. Qxa5 Nd3 36. Bxd3 exd3 37. Rxd3 h4 38. b6 Re5 39. Qc3 1-0

[Event "RUS-chT (club)"]
[Site "Novokuznetsk"]
[Date "1999.??.??"]
[Round "?"]
[White "Lobanov, Evgeny Vasilievich"]
[Black "Zakharov, Valentin M"]
[Result "1-0"]
[WhiteElo "2152"]
[BlackElo "2340"]
[PlyCount "75"]
[EventDate "1999.??.??"]
[EventType "team-tourn"]
[EventRounds "11"]
[EventCountry "RUS"]
[SourceTitle "EXT 2001"]
[Source "ChessBase"]
[SourceDate "2000.11.22"]
[SourceVersion "1"]
[SourceVersionDate "2000.11.22"]
[SourceQuality "1"]

1. e4 d6 2. d4 Nf6 3. Nc3 Nbd7 4. Be2 e5 5. Be3 c6 6. Nf3 Be7 7. 0-0 0-0 8. Nd2 b5 9. a3 a6 10. f4 Bb7 11. Bf3 Re8 12. Qe2 Bf8 13. Rae1 a5 14. Qf2 b4 15. Ne2 exd4 16. Bxd4 c5 17. Bxf6 Nxf6 18. Ng3 Qc7 19. Kh1 Rad8 20. axb4 axb4 21. h3 g6 22. f5 Bg7 23. fxg6 hxg6 24. Nc4 Ba6 25. b3 Bxc4 26. bxc4 Nd7 27. e5 dxe5 28. Ne4 f6 29. Rd1 f5 30. Nd6 Nf6 31. Nxe8 Rxe8 32. Bd5+ Kf8 33. Qg3 Qb6 34. Qxg6 Nxd5 35. Rxf5+ Nf6 36. Rd7 Re7 37. Rxe7 Kxe7 38. Qxg7+ 1-0

[Event "Moscow-ch"]
[Site "Moscow"]
[Date "1999.??.??"]
[Round "5"]
[White "Vorotnikov, Vladislav V"]
[Black "Zakharov, Valentin M"]
[Result "1-0"]
[WhiteElo "2463"]
[BlackElo "2340"]
[PlyCount "59"]
[EventDate "1999.??.??"]
[EventType "swiss"]
[EventRounds "9"]
[EventCountry "RUS"]
[SourceTitle "EXT 2001"]
[Source "ChessBase"]
[SourceDate "2000.11.22"]
[SourceVersion "1"]
[SourceVersionDate "2000.11.22"]
[SourceQuality "1"]

1. e4 d5 2. d3 dxe4 3. dxe4 Qxd1+ 4. Kxd1 e5 5. Be3 Be6 6. c3 Nd7 7. Kc2 Bc5 8. Bxc5 Nxc5 9. f3 a5 10. Nd2 f6 11. Bc4 Ke7 12. Ne2 Nh6 13. b4 Na4 14. Bxe6 Kxe6 15. Nb3 axb4 16. cxb4 b6 17. Nc3 Nxc3 18. Kxc3 Ra4 19. a3 Nf7 20. Na5 c5 21. Kb3 b5 22. Rad1 Nd6 23. bxc5 Nxe4 24. Nb7 Nf2 25. Rd6+ Ke7 26. Rf1 Ra7 27. Rb6 Nd3 28. Rd1 Nf4 29. c6 Kf7 30. c7 1-0

[Event "Moscow-ch"]
[Site "Moscow"]
[Date "1999.??.??"]
[Round "8"]
[White "Zakharov, Valentin M"]
[Black "Ljamin, Vladimir"]
[Result "1-0"]
[WhiteElo "2340"]
[BlackElo "2168"]
[PlyCount "47"]
[EventDate "1999.??.??"]
[EventType "swiss"]
[EventRounds "9"]
[EventCountry "RUS"]
[SourceTitle "EXT 2001"]
[Source "ChessBase"]
[SourceDate "2000.11.22"]
[SourceVersion "1"]
[SourceVersionDate "2000.11.22"]
[SourceQuality "1"]

1. e4 c5 2. Nf3 Nc6 3. d4 cxd4 4. Nxd4 e5 5. Nb5 d6 6. c4 f5 7. exf5 Bxf5 8. Bd3 Be6 9. 0-0 Nf6 10. N1c3 a6 11. Na3 Be7 12. Nc2 0-0 13. Ne3 Nd4 14. b3 Rb8 15. Bb2 b5 16. Ncd5 Bxd5 17. cxd5 Qb6 18. Rc1 g6 19. Bb1 Rbc8 20. Bxd4 exd4 21. Rxc8 Rxc8 22. Ng4 Rf8 23. Nxf6+ Bxf6 24. Qg4 1-0

[Event "RUS-ch sf"]
[Site "Novosibirsk"]
[Date "1998.??.??"]
[Round "?"]
[White "Nevostrujev, Vladimir"]
[Black "Zakharov, Valentin M"]
[Result "1-0"]
[WhiteElo "2410"]
[BlackElo "2345"]
[PlyCount "45"]
[EventDate "1998.??.??"]
[EventType "swiss"]
[EventRounds "9"]
[EventCountry "RUS"]
[SourceTitle "EXT 2000"]
[Source "ChessBase"]
[SourceDate "1999.11.16"]
[SourceVersion "1"]
[SourceVersionDate "1999.11.16"]
[SourceQuality "1"]

1. e4 Nf6 2. e5 Nd5 3. d4 d6 4. Nf3 Bg4 5. Be2 c6 6. Ng5 Bf5 7. Bd3 Bxd3 8. Qxd3 dxe5 9. dxe5 h6 10. Ne4 e6 11. 0-0 Nd7 12. Qg3 g5 13. c4 Nb4 14. Nbc3 Nc2 15. Rb1 Nd4 16. Rd1 Nf5 17. Qh3 Qc7 18. Bxg5 Qxe5 19. Qd3 Nd4 20. Bf4 Qxf4 21. Qxd4 0-0-0 22. Qxh8 f5 23. Rxd7 1-0

[Event "RUS-ch sf"]
[Site "Novosibirsk"]
[Date "1998.??.??"]
[Round "?"]
[White "Zakharov, Valentin M"]
[Black "Nikitin, Andrey"]
[Result "1/2-1/2"]
[WhiteElo "2345"]
[BlackElo "2410"]
[PlyCount "115"]
[EventDate "1998.??.??"]
[EventType "swiss"]
[EventRounds "9"]
[EventCountry "RUS"]
[SourceTitle "EXT 2000"]
[Source "ChessBase"]
[SourceDate "1999.11.16"]
[SourceVersion "1"]
[SourceVersionDate "1999.11.16"]
[SourceQuality "1"]

1. e4 e6 2. d4 d5 3. Nc3 Bb4 4. Bd3 dxe4 5. Bxe4 Nf6 6. Bf3 c5 7. Nge2 cxd4 8. Qxd4 Qxd4 9. Nxd4 0-0 10. Ndb5 Nc6 11. a3 Bxc3+ 12. Nxc3 Nd4 13. Bd1 e5 14. Bg5 Bf5 15. Rc1 Rfd8 16. f3 h6 17. Bxf6 gxf6 18. Ne4 Kg7 19. c3 Ne6 20. Bc2 Bg6 21. Rd1 Rxd1+ 22. Kxd1 Rd8+ 23. Ke1 f5 24. Nd2 f4 25. Bxg6 Kxg6 26. Ke2 f5 27. Rd1 Kf6 28. Nc4 Rxd1 29. Kxd1 Nd8 30. Nd2 Ke6 31. Kc2 Kd6 32. a4 Ne6 33. b4 Kd5 34. Kd3 a5 35. h4 h5 36. c4+ Kc6 37. bxa5 Nc5+ 38. Ke2 e4 39. Nf1 e3 40. Kd1 Nxa4 41. g3 Kc5 42. gxf4 Kd4 43. Ng3 Kd3 44. Ke1 Nc5 45. Nxf5 Nb3 46. Ng3 Nxa5 47. f5 Nxc4 48. Nxh5 b5 49. f6 Nd6 50. Nf4+ Kd4 51. Ke2 Ke5 52. f7 Nxf7 53. Kxe3 Nd6 54. Ng2 Nf5+ 55. Kd3 Ne7 56. Kc3 Nd5+ 57. Kd3 Nb4+ 58. Kc3 1/2-1/2

[Event "Moscow op"]
[Site "Moscow"]
[Date "1995.??.??"]
[Round "1"]
[White "Golubev, Mikhail"]
[Black "Zakharov, Valentin M"]
[Result "1-0"]
[WhiteElo "2570"]
[BlackElo "2355"]
[PlyCount "43"]
[EventDate "1995.??.??"]
[EventType "swiss"]
[EventRounds "9"]
[EventCountry "RUS"]
[SourceTitle "EXT 2000"]
[Source "ChessBase"]
[SourceDate "1999.11.16"]
[SourceVersion "1"]
[SourceVersionDate "1999.11.16"]
[SourceQuality "1"]

1. e4 Nf6 2. Nc3 d5 3. e5 Nfd7 4. d4 e6 5. f4 c5 6. Nf3 Nc6 7. Be3 cxd4 8. Nxd4 Qb6 9. Qd2 Qxb2 10. Rb1 Qa3 11. Bb5 Nxd4 12. Bxd4 a6 13. Bxd7+ Bxd7 14. Rb3 Qe7 15. Rxb7 Qd8 16. 0-0 Qc8 17. Rb3 Bc5 18. f5 exf5 19. Nxd5 0-0 20. Nf6+ Kh8 21. Rh3 Bxd4+ 22. Kh1 1-0

[Event "Moscow-ch op"]
[Site "Moscow"]
[Date "1995.??.??"]
[Round "8"]
[White "Zubkov, Konstantin M"]
[Black "Zakharov, Valentin M"]
[Result "0-1"]
[WhiteElo "2120"]
[BlackElo "2345"]
[PlyCount "98"]
[EventDate "1995.??.??"]
[EventType "swiss"]
[EventRounds "11"]
[EventCountry "RUS"]
[SourceTitle "EXT 1997"]
[Source "ChessBase"]
[SourceDate "1996.11.15"]
[SourceVersion "1"]
[SourceVersionDate "1996.11.15"]
[SourceQuality "1"]

1. f4 c5 2. Nf3 Nf6 3. e3 g6 4. b3 Bg7 5. Bb2 0-0 6. Be2 b6 7. 0-0 Bb7 8. Qe1 d5 9. Qh4 Nc6 10. d3 Nb4 11. Ne1 e6 12. Nd2 a5 13. a3 Nc6 14. Nef3 a4 15. Ne5 axb3 16. cxb3 Nd7 17. Qxd8 Rfxd8 18. Nxc6 Bxc6 19. Bxg7 Kxg7 20. Rfc1 Rdc8 21. Kf2 Kf6 22. Nf3 Ke7 23. h3 f6 24. Nd2 Ra7 25. Rc2 Kd6 26. Rb2 Rca8 27. Nb1 e5 28. g3 Nf8 29. b4 Ne6 30. Bf3 exf4 31. gxf4 d4 32. bxc5+ bxc5 33. Rb6 Rc8 34. Nd2 dxe3+ 35. Kxe3 Nd4 36. Ne4+ Kc7 37. Rb2 Nxf3 38. Kxf3 f5 39. Rc2 Ra5 40. Ke3 fxe4 41. dxe4 Ra4 42. Rxc5 Rxe4+ 43. Kd3 Rd8+ 44. Kc3 Rxf4 45. a4 Kb6 46. Rc4 Rxc4+ 47. Kxc4 Rf8 48. a5+ Kc7 49. Kc5 Rf5+ 0-1

[Event "Moscow op"]
[Site "Moscow"]
[Date "1994.??.??"]
[Round "1"]
[White "Zakharov, Valentin M"]
[Black "Kobalia, Mihail"]
[Result "0-1"]
[WhiteElo "2340"]
[BlackElo "2410"]
[PlyCount "42"]
[EventDate "1994.??.??"]
[EventType "swiss"]
[EventRounds "9"]
[EventCountry "RUS"]
[SourceTitle "EXT 1997"]
[Source "ChessBase"]
[SourceDate "1996.11.15"]
[SourceVersion "1"]
[SourceVersionDate "1996.11.15"]
[SourceQuality "1"]

1. e4 e5 2. Nf3 Nc6 3. Bb5 f5 4. Nc3 fxe4 5. Nxe4 Nf6 6. Nxf6+ Qxf6 7. Qe2 Be7 8. Bxc6 dxc6 9. Nxe5 Bf5 10. d4 0-0-0 11. Be3 Bb4+ 12. c3 Bd6 13. f4 Bxe5 14. fxe5 Qg6 15. h3 c5 16. dxc5 h5 17. Bd4 Bd3 18. Qd2 Qe4+ 19. Kd1 Rhf8 20. Re1 Rf1 21. Qe3 Rxd4 0-1